[Event "Guernsey Holiday"]
[Site "Guernsey"]
[Date "2010.10.20"]
[Round "4"]
[White "Foster, Paul"]
[Black "Bateman, Kerry"]
[Result "1-0"]
[WhiteElo "1568"]
[BlackElo "1490"]
[PlyCount "159"]
[EventDate "2010.10.17"]
[EventType "swiss"]
[EventRounds "7"]
[SourceDate "2010.11.07"]

1. e4 c5 2. f4 d6 3. Bc4 e6 4. Nf3 a6 5. a4 Nf6 6. Nc3 g6 7. d3 Bg7 8. O-O O-O
9. Qe2 Nc6 10. Nd1 Nd7 11. c3 Re8 12. Ne3 b6 13. Bd2 Bb7 14. Rf2 Ne7 15. Raf1
d5 16. Ba2 dxe4 17. dxe4 Bxe4 18. Ng5 Bf5 19. g4 h6 20. Nxf7 Kxf7 21. gxf5 Nxf5
22. Nxf5 gxf5 23. Qh5+ Kf8 24. Rg2 Nf6 25. Qg6 Ra7 26. Bb1 Qd7 27. Qg3 Bh8 28.
Bc2 Re7 29. Qh4 Ng8 30. Rff2 Qd5 31. b3 Rg7 32. Rxg7 Rxg7+ 33. Kf1 Rg4 34. Qh3
Bf6 35. Qf3 Qxf3 36. Rxf3 Rh4 37. h3 Ne7 38. Bd3 e5 39. fxe5 Bxe5 40. Bxa6 Kf7
41. Kg2 f4 42. Bf1 Ng6 43. Rd3 Ke7 44. Kf3 Rh5 45. Ke4 Bc7 46. Rd5 Rxd5 47.
Kxd5 h5 48. Be2 h4 49. Be1 Bd8 50. Ke4 Kf6 51. Bh5 f3 52. Bxf3 Bc7 53. Bh5 Bg3
54. Bd2 Ne5 55. Be2 Ke6 56. Bf4 Kf6 57. Bf1 Bxf4 58. Kxf4 Ke6 59. Be2 Kf6 60.
c4 Nc6 61. Kg4 Nd4 62. Bd1 Kg6 63. Kf4 Kf6 64. Ke4 Ke6 65. b4 Kd6 66. b5 Ne6
67. Kf5 Ng7+ 68. Kg5 Ke5 69. Bg4 Ne8 70. Kxh4 Nd6 71. Be2 Kf4 72. Kh5 Ne4 73.
Bg4 Kg3 74. Kg6 Nf2 75. Kf5 Kh4 76. Ke6 Ne4 77. Kd7 Nc3 78. a5 bxa5 79. b6 a4
80. b7 1-0

[Event "Guernsey Holiday"]
[Site "Guernsey"]
[Date "2010.10.20"]
[Round "4"]
[White "Rowe, Oliver"]
[Black "Cox, Marian"]
[Result "1-0"]
[WhiteElo "1506"]
[BlackElo "1416"]
[PlyCount "141"]
[EventDate "2010.10.17"]
[EventType "swiss"]
[EventRounds "7"]
[SourceDate "2010.11.07"]

1. d4 d5 2. Nf3 Nf6 3. Bf4 e6 4. e3 h6 5. Bd3 Bd6 6. Ne5 Bxe5 7. Bxe5 Nbd7 8.
Bg3 c5 9. c3 c4 10. Bc2 O-O 11. Nd2 Re8 12. O-O e5 13. Re1 b5 14. dxe5 Nxe5 15.
e4 d4 16. Bxe5 Rxe5 17. Nf3 Bg4 18. Qxd4 Qxd4 19. cxd4 Re7 20. Ne5 Bc8 21. Rad1
Bb7 22. f3 h5 23. g4 hxg4 24. Nxg4 Nh5 25. d5 Nf4 26. Kf2 Ng6 27. Kg3 Nf8 28.
e5 Rd8 29. d6 Ree8 30. f4 Bc8 31. f5 f6 32. e6 Nxe6 33. fxe6 Bxe6 34. Bg6 Bf7
35. Rxe8+ Bxe8 36. Bxe8 Rxe8 37. Kf4 Kf7 38. d7 Rd8 39. Ke4 Ke6 40. Ne3 g6 41.
Rd5 a6 42. Kd4 Rxd7 43. Rxd7 Kxd7 44. Kc5 f5 45. h4 f4 46. Nf1 Ke6 47. a4 f3
48. axb5 axb5 49. Kxb5 Kd5 50. Ne3+ Kd4 51. Nxc4 Kd3 52. Ne5+ Ke4 53. Nxf3 Kxf3
54. Kc6 Kg4 55. b4 Kxh4 56. b5 g5 57. b6 g4 58. b7 g3 59. b8=Q Kh3 60. Qh8+ Kg2
61. Qb2+ Kf1 62. Qc1+ Kg2 63. Qe1 Kh2 64. Qf1 g2 {(=)} 65. Qf2 Kh1 66. Qh4+ Kg1
67. Kd5 Kf1 68. Qf4+ Kg1 69. Ke4 Kh1 70. Qh4+ Kg1 71. Kf3 1-0

[Event "Guernsey Holiday"]
[Site "Guernsey"]
[Date "2010.10.20"]
[Round "4"]
[White "Le Maitre, Richard"]
[Black "Van Rooijen, Gerardus C"]
[Result "0-1"]
[WhiteElo "1440"]
[BlackElo "1496"]
[PlyCount "118"]
[EventDate "2010.10.17"]
[EventType "swiss"]
[EventRounds "7"]
[SourceDate "2010.11.07"]

1. Nf3 e6 2. g3 b6 3. Bg2 Bb7 4. d3 Nf6 5. O-O d6 6. Nc3 Be7 7. Re1 O-O 8. e4
Nbd7 9. b3 Rc8 10. Bb2 Ne8 11. a4 Bf6 12. Rb1 a6 13. d4 c5 14. d5 e5 15. Bc1 g6
16. Bh6 Bg7 17. Bxg7 Nxg7 18. Qd2 f5 19. exf5 Nxf5 20. Bh3 Nd4 21. Nxd4 cxd4
22. Be6+ Kh8 23. Ne4 Qe7 24. Rbc1 Rcd8 25. b4 Nf6 26. Qg5 Nxd5 27. Qxe7 Nxe7
28. Ng5 Kg7 29. Bb3 Bc8 30. Be6 Rf6 31. Bxc8 Nxc8 32. Ne4 Re6 33. Ng5 Ree8 34.
Re4 d5 35. Ree1 Nd6 36. Nf3 Nc4 37. Re2 Kf6 38. Rce1 h6 39. Nxd4 Rf8 40. Nf3 e4
41. Nd4 Rd6 42. c3 Rc8 43. Rc1 Ne5 44. Rcc2 Nc6 45. Nxc6 Rdxc6 46. Re3 Rc4 47.
Kf1 Rxb4 48. cxb4 Rxc2 49. Re2 Rxe2 50. Kxe2 Ke5 51. f4+ Kd4 52. g4 e3 53. h4
Ke4 54. g5 h5 55. f5 Kxf5 56. Kxe3 Ke5 57. b5 axb5 58. axb5 d4+ 59. Kd3 Kd5 0-1

[Event "Guernsey Holiday"]
[Site "Guernsey"]
[Date "2010.10.20"]
[Round "4"]
[White "Cox, Reginald E"]
[Black "Ryan, Robert"]
[Result "1/2-1/2"]
[WhiteElo "1304"]
[BlackElo "1512"]
[PlyCount "42"]
[EventDate "2010.10.17"]
[EventType "swiss"]
[EventRounds "7"]
[SourceDate "2010.11.07"]

1. e4 c5 2. Nf3 Nc6 3. d4 cxd4 4. Nxd4 a6 5. Bc4 e6 6. Be3 Nf6 7. Nd2 d6 8. O-O
Be7 9. a3 O-O 10. h3 Nxd4 11. Bxd4 b5 12. Bb3 Bb7 13. Re1 Rc8 14. Rc1 Qc7 15.
Qe2 Qb8 16. e5 dxe5 17. Qxe5 Qxe5 18. Bxe5 Rfd8 19. Bf4 h6 20. Rcd1 Kf8 21. c3
Bd5 1/2-1/2

[Event "Guernsey Holiday"]
[Site "Guernsey"]
[Date "2010.10.20"]
[Round "4"]
[White "Kaye, Michael J"]
[Black "Newrick, William R"]
[Result "1/2-1/2"]
[WhiteElo "1456"]
[BlackElo "1384"]
[PlyCount "49"]
[EventDate "2010.10.17"]
[EventType "swiss"]
[EventRounds "7"]
[SourceDate "2010.11.07"]

1. d4 d5 2. e3 e6 3. Bd3 Nf6 4. Nf3 c5 5. c3 Nc6 6. Nbd2 cxd4 7. exd4 Bd6 8.
O-O O-O 9. Re1 Qc7 10. Qc2 h6 11. Nf1 Re8 12. Ng3 e5 13. dxe5 Nxe5 14. Nxe5
Rxe5 15. Rxe5 Bxe5 16. Nf1 Ng4 17. g3 Nf6 18. Be3 Bh3 19. Qd2 Qc6 20. f4 Bc7
21. Bd4 Bb6 22. Re1 Ne4 23. Bxe4 dxe4 24. Ne3 Rd8 25. Qf2 1/2-1/2

[Event "Guernsey Holiday"]
[Site "Guernsey"]
[Date "2010.10.20"]
[Round "4"]
[White "Bennett, David"]
[Black "Welch, Hazel"]
[Result "0-1"]
[WhiteElo "1352"]
[BlackElo "1520"]
[PlyCount "98"]
[EventDate "2010.10.17"]
[EventType "swiss"]
[EventRounds "7"]
[SourceDate "2010.11.07"]

1. Nf3 Nf6 2. d4 c5 3. c3 cxd4 4. cxd4 g6 5. Bf4 Bg7 6. e3 O-O 7. Nbd2 d6 8.
Be2 Nc6 9. O-O a6 10. Rc1 Bd7 11. a3 Rc8 12. Ne4 Nxe4 13. Bd3 Nf6 14. Qd2 b5
15. e4 Na5 16. Rxc8 Qxc8 17. Qxa5 Qb7 18. Qd2 Rc8 19. d5 Qb6 20. Be3 Qb7 21. h3
e6 22. dxe6 Bxe6 23. Ng5 Bc4 24. Bxc4 bxc4 25. Qc2 Nd7 26. Rb1 Ne5 27. Bd2 Qc6
28. Bc3 h6 29. Bxe5 Bxe5 30. Nf3 Bf6 31. Re1 Rb8 32. e5 Bg7 33. Re3 d5 34. Nd4
Qb6 35. Nf3 Qxb2 36. Qxb2 Rxb2 37. Nd4 Bf8 38. e6 fxe6 39. Nxe6 Rb8 40. Kh2
Bd6+ 41. g3 Rb3 42. Re2 Rxa3 43. Nd4 Kf7 44. Re6 Bc5 45. Nc2 Ra2 46. Re2 d4 47.
Re5 Bd6 48. Re2 d3 49. Rd2 Rxc2 0-1

[Event "Guernsey Holiday"]
[Site "Guernsey"]
[Date "2010.10.21"]
[Round "5"]
[White "Hoogakker, Peter"]
[Black "Kershaw, Graham J"]
[Result "1/2-1/2"]
[WhiteElo "1800"]
[BlackElo "1664"]
[PlyCount "51"]
[EventDate "2010.10.17"]
[EventType "swiss"]
[EventRounds "7"]
[SourceDate "2010.11.07"]

1. e4 e6 2. d4 d5 3. Nd2 Nf6 4. e5 Nfd7 5. Bd3 c5 6. c3 Nc6 7. Ne2 Qb6 8. Nf3
cxd4 9. cxd4 f6 10. exf6 Bb4+ 11. Nc3 Nxf6 12. O-O O-O 13. Re1 Bd7 14. Bg5 Rf7
15. Bh4 h6 16. Bg6 Rff8 17. Bg3 Ne7 18. Bc2 Be8 19. Ne5 Bh5 20. Qd2 Nf5 {(=)}
21. Bxf5 exf5 22. Qd3 Rac8 23. Rec1 Qa5 24. Qxf5 Bxc3 25. bxc3 Rxc3 26. Qe6+
1/2-1/2

[Event "Guernsey Holiday"]
[Site "Guernsey"]
[Date "2010.10.21"]
[Round "5"]
[White "Kearsley, Raymond J"]
[Black "Glover, John"]
[Result "1-0"]
[WhiteElo "1688"]
[BlackElo "1760"]
[PlyCount "97"]
[EventDate "2010.10.17"]
[EventType "swiss"]
[EventRounds "7"]
[SourceDate "2010.11.07"]

1. e4 d5 2. d4 dxe4 3. Nc3 Nf6 4. f3 exf3 5. Nxf3 c6 6. Be2 Bf5 7. O-O e6 8.
Ne5 Be7 9. Kh1 Bg6 10. Bf4 Nbd7 11. Nxg6 hxg6 12. Bf3 Nb6 13. Ne4 Nbd5 14. Be5
Rh7 15. c4 Ne3 16. Qb3 Nxf1 17. Rxf1 Nxe4 18. Bxe4 Qb6 19. Qf3 Bf6 20. Bxf6
gxf6 21. Qxf6 Qd8 22. Qf3 Qd6 23. h3 O-O-O 24. c5 Qxd4 25. Bxc6 Qxb2 26. Be4
Rd2 27. Rb1 Qd4 28. Bxb7+ Kd8 29. Be4 Qe5 30. c6 f5 31. Qa3 Rxh3+ 32. Qxh3 Qxe4
33. Qh8+ Kc7 34. Rb7+ Kxc6 35. Qc8+ Kd6 36. Rd7+ Ke5 37. Qc7+ Kf6 38. Qc3+ e5
39. Qxd2 Qb1+ 40. Kh2 Qb8 41. Qd6+ Qxd6 42. Rxd6+ Kg5 43. Kg3 e4 44. Kf2 Kh5
45. Re6 g5 46. Ra6 Kg4 47. Rxa7 f4 48. Re7 e3+ 49. Rxe3 1-0

[Event "Guernsey Holiday"]
[Site "Guernsey"]
[Date "2010.10.21"]
[Round "5"]
[White "Timmerman, Peter"]
[Black "Sandijck, Pieter"]
[Result "0-1"]
[WhiteElo "1606"]
[BlackElo "1698"]
[PlyCount "100"]
[EventDate "2010.10.17"]
[EventType "swiss"]
[EventRounds "7"]
[SourceDate "2010.11.07"]

1. e4 e6 2. d4 d5 3. exd5 exd5 4. Nf3 Nf6 5. Bd3 Be7 6. O-O Bg4 7. Re1 O-O 8.
Nbd2 Nbd7 9. Nf1 c5 10. h3 Bxf3 11. Qxf3 cxd4 12. Bd2 Nc5 13. Ng3 Ne6 14. Nf5
Re8 15. Bb5 Rf8 16. Qd3 Bc5 17. Ng3 Bb6 18. Bb4 Nc5 19. Qa3 Rc8 20. Nf5 Nfe4
21. f3 a5 22. Bxc5 Bxc5 23. Qd3 Nf6 24. Re2 g6 25. Nxd4 Nh5 26. c3 Nf4 27. Qd2
Nxe2+ 28. Bxe2 Qf6 29. Kf1 Bxd4 30. cxd4 b6 31. Bb5 Rc7 32. Ba6 Rb8 33. Bb5
Rbc8 34. Re1 Re7 35. Rxe7 Qxe7 36. a3 Qc7 37. Ke2 Qc2 38. Bd7 Qxd2+ 39. Kxd2
Rc7 40. Bb5 f5 41. b3 Kf7 42. Bd3 Kf6 43. f4 g5 44. g4 fxg4 45. hxg4 gxf4 46.
Be2 Kg5 47. Bf3 Re7 48. Bxd5 Kxg4 49. Bc4 Kg3 50. b4 h5 0-1

[Event "Guernsey Holiday"]
[Site "Guernsey"]
[Date "2010.10.21"]
[Round "5"]
[White "Vonhoff, Joerg"]
[Black "Baart, Edwin"]
[Result "0-1"]
[WhiteElo "1613"]
[BlackElo "1689"]
[PlyCount "58"]
[EventDate "2010.10.17"]
[EventType "swiss"]
[EventRounds "7"]
[SourceDate "2010.11.07"]

1. e4 e5 2. f4 Bc5 3. Nf3 d6 4. Bc4 Nc6 5. c3 Bg4 6. d3 Nf6 7. h3 Bxf3 8. Qxf3
a6 9. Bb3 Qe7 10. Be3 Bxe3 11. Qxe3 exf4 12. Qxf4 Qe5 13. Qf3 Na5 14. Bc2 d5
15. d4 Qg5 16. O-O O-O 17. e5 Nh5 18. Kh2 g6 19. g4 Ng7 20. Qxd5 h5 21. Qf3
hxg4 22. hxg4 Nc4 23. Rf2 Ne6 24. Bd1 Qh4+ 25. Kg2 Ng5 26. Qd3 Kg7 27. Nd2 Nxd2
28. Rxd2 Rh8 29. Qe3 Qh1+ 0-1

[Event "Guernsey Holiday"]
[Site "Guernsey"]
[Date "2010.10.21"]
[Round "5"]
[White "Ruigrok, Jacques"]
[Black "Onwezen, Eric"]
[Result "1/2-1/2"]
[WhiteElo "1752"]
[BlackElo "1673"]
[PlyCount "83"]
[EventDate "2010.10.17"]
[EventType "swiss"]
[EventRounds "7"]
[SourceDate "2010.11.07"]

1. e4 e5 2. Nf3 Nc6 3. d4 exd4 4. c3 d3 5. Bxd3 d6 6. h3 Nf6 7. O-O Be7 8. Bf4
O-O 9. Re1 Nd7 10. Qe2 Bf6 11. Nbd2 Re8 12. Bb5 Nde5 13. Nxe5 Bxe5 14. Bxe5
Rxe5 15. f4 Re8 16. Nf3 Qf6 17. Qd2 Qg6 18. f5 Qg3 19. Qg5 Qxg5 20. Nxg5 a6 21.
Bc4 Ne5 22. Bb3 h6 23. Nf3 Nd3 24. Re3 Nc5 25. Rae1 Nxb3 26. axb3 Bd7 27. Kf2
a5 28. Ra1 Bc6 29. Rae1 a4 30. Nd4 a3 31. bxa3 Rxa3 32. Nxc6 bxc6 33. b4 f6 34.
Rc1 Rea8 35. Kf3 Ra2 36. Re2 Kf7 37. Rcc2 Ra1 38. Kg3 R8a3 39. Kf2 g6 40. g4
Rh1 41. Kg3 Rd1 42. Kf3 1/2-1/2

[Event "Guernsey Holiday"]
[Site "Guernsey"]
[Date "2010.10.21"]
[Round "5"]
[White "Curry, William"]
[Black "Wood, Peter C"]
[Result "0-1"]
[WhiteElo "1480"]
[BlackElo "1768"]
[PlyCount "96"]
[EventDate "2010.10.17"]
[EventType "swiss"]
[EventRounds "7"]
[SourceDate "2010.11.07"]

1. d4 Nf6 2. c4 e6 3. Bg5 d5 4. e3 h6 5. Bxf6 Qxf6 6. Nf3 b6 7. Ne5 Bb4+ 8. Nd2
O-O 9. a3 Bxd2+ 10. Qxd2 Bb7 11. Rc1 c5 12. Be2 Rd8 13. Nf3 Nc6 14. O-O dxc4
15. Rfd1 cxd4 16. Rxc4 dxe3 17. Qxe3 Rxd1+ 18. Bxd1 Rd8 19. Qc1 Qxb2 20. h3
Qxc1 21. Rxc1 Nd4 22. Nxd4 Rxd4 23. f3 Rd2 24. Ba4 Rd4 25. Bc2 Kf8 26. Be4 Bxe4
27. fxe4 Ra4 28. Rc3 e5 29. Kf2 Ke7 30. Ke3 Kd6 31. Rd3+ Rd4 32. Rc3 b5 33. Rc8
Ra4 34. Rc3 a5 35. Rd3+ Rd4 36. Rxd4+ exd4+ 37. Kxd4 b4 38. axb4 axb4 39. e5+
Ke6 40. Kc4 Kxe5 41. Kxb4 Kf4 42. Kc3 Kg3 43. Kd2 Kxg2 44. Ke1 Kxh3 45. Kf1 g5
46. Kg1 g4 47. Kh1 g3 48. Kg1 g2 0-1

[Event "Guernsey Holiday"]
[Site "Guernsey"]
[Date "2010.10.21"]
[Round "5"]
[White "Norman, Dinah M"]
[Black "Collins, Alan"]
[Result "1/2-1/2"]
[WhiteElo "1712"]
[BlackElo "1600"]
[PlyCount "38"]
[EventDate "2010.10.17"]
[EventType "swiss"]
[EventRounds "7"]
[SourceDate "2010.11.07"]

1. Nf3 f5 2. d4 Nf6 3. g3 d6 4. Bg2 c6 5. O-O g6 6. c3 Bg7 7. Qb3 Na6 8. a4 Nc7
9. Nbd2 Rb8 10. Ng5 d5 11. f4 O-O 12. Ndf3 h6 13. Nh3 Kh7 14. Nf2 Bd7 15. Nd3
Be8 16. Nde5 Ne6 17. Qc2 c5 18. e3 Qc7 19. Qd1 c4 1/2-1/2

[Event "Guernsey Holiday"]
[Site "Guernsey"]
[Date "2010.10.21"]
[Round "5"]
[White "Roberts, Malcolm A"]
[Black "Kirk, Matthew"]
[Result "1-0"]
[WhiteElo "1704"]
[BlackElo "1591"]
[PlyCount "83"]
[EventDate "2010.10.17"]
[EventType "swiss"]
[EventRounds "7"]
[SourceDate "2010.11.07"]

1. e4 c6 2. d4 d5 3. e5 Bf5 4. Nf3 e6 5. c3 Nd7 6. Be3 Be7 7. Nbd2 c5 8. Be2
cxd4 9. cxd4 Bb4 10. O-O Ne7 11. Qa4 Nc6 12. Bb5 Bxd2 13. Bxd2 Qb6 14. Rac1 Rc8
15. Rc3 a6 16. Bxc6 Rxc6 17. Rxc6 Qxc6 18. Qxc6 bxc6 19. Rc1 Nb8 20. Bb4 h6 21.
h3 Kd7 22. Nd2 Rc8 23. a3 Ke8 24. Bd6 Nd7 25. Rc3 a5 26. b4 axb4 27. axb4 Nb6
28. Ra3 Nc4 29. Nxc4 dxc4 30. f3 h5 31. Kf2 f6 32. g4 hxg4 33. hxg4 Bd3 34. Ra7
fxe5 35. dxe5 g6 36. Ke3 Kd8 37. Re7 Ra8 38. Rxe6 Ra3 39. Rf6 Bb1+ 40. Kd4 c3
41. e6 c2 42. Rf8# 1-0

[Event "Guernsey Holiday"]
[Site "Guernsey"]
[Date "2010.10.21"]
[Round "5"]
[White "Haisma, Henk"]
[Black "Goman, Colin R"]
[Result "1-0"]
[WhiteElo "1690"]
[BlackElo "1518"]
[PlyCount "83"]
[EventDate "2010.10.17"]
[EventType "swiss"]
[EventRounds "7"]
[SourceDate "2010.11.07"]

1. b4 Nf6 2. Bb2 e6 3. a3 Be7 4. e3 O-O 5. Nf3 a5 6. b5 d5 7. d3 Re8 8. Nbd2
Bf8 9. Be2 g6 10. O-O Bg7 11. d4 Nbd7 12. c4 c5 13. bxc6 bxc6 14. c5 Qc7 15. a4
Ng4 16. h3 Nh6 17. Qc2 f5 18. Rab1 Nf6 19. Ne5 Ba6 20. Ndf3 Bxe2 21. Qxe2 Nf7
22. Bc3 Nxe5 23. dxe5 Nd7 24. Bd4 Nxe5 25. Nxe5 Bxe5 26. Rb6 Bxd4 27. exd4 Rab8
28. Rfb1 Rxb6 29. cxb6 Qb7 30. Qe5 Re7 31. Qe1 Qa6 32. Qe5 Qc8 33. Qd6 Rb7 34.
Qc5 Kf7 35. Qxa5 Qb8 36. Qc5 e5 37. Qxc6 exd4 38. Qxd5+ Kg7 39. Qxd4+ Kh6 40.
a5 Qg8 41. a6 Qa2 42. Ra1 1-0

[Event "Guernsey Holiday"]
[Site "Guernsey"]
[Date "2010.10.21"]
[Round "5"]
[White "Herschmann, Heinz"]
[Black "Vonhoff, Nils"]
[Result "0-1"]
[WhiteElo "1480"]
[BlackElo "1637"]
[PlyCount "74"]
[EventDate "2010.10.17"]
[EventType "swiss"]
[EventRounds "7"]
[SourceDate "2010.11.07"]

1. e4 c5 2. Nf3 Nc6 3. d4 cxd4 4. Nxd4 Nf6 5. Nxc6 bxc6 6. Bd3 e6 7. Nc3 Bb4 8.
Bd2 Qc7 9. h3 Rb8 10. a3 Bc5 11. Rb1 a6 12. O-O d5 13. exd5 cxd5 14. Ne2 O-O
15. Ng3 Qxg3 16. b4 Ba7 17. Qf3 Qxf3 18. gxf3 Bb6 19. Bf4 Ra8 20. c4 dxc4 21.
Bxc4 Bb7 22. Be2 Nd5 23. Bd2 Rfc8 24. Rfc1 Bd4 25. Rc4 Rxc4 26. Bxc4 Nb6 27.
Be2 Nd5 28. Rc1 Bb2 29. Rc2 Bxa3 30. b5 axb5 31. Bxb5 Bd6 32. Bc6 Bxc6 33. Rxc6
Bf4 34. Bxf4 Nxf4 35. Kh2 g6 36. Rc4 Nd3 37. Rc2 Ra3 0-1

[Event "Guernsey Holiday"]
[Site "Guernsey"]
[Date "2010.10.21"]
[Round "5"]
[White "Finch, Russell"]
[Black "Brooker, Chris H"]
[Result "1/2-1/2"]
[WhiteElo "1656"]
[BlackElo "1776"]
[PlyCount "72"]
[EventDate "2010.10.17"]
[EventType "swiss"]
[EventRounds "7"]
[SourceDate "2010.11.07"]

1. f4 Nf6 2. Nf3 d6 3. b3 g6 4. Bb2 Bg7 5. e3 Bg4 6. h3 Bf5 7. g4 Be4 8. d3 Bc6
9. e4 Rg8 10. Nc3 e6 11. Qe2 Nbd7 12. O-O-O Qe7 13. Qe3 b6 14. Nd4 Bb7 15. Ndb5
Nc5 16. Rg1 a6 17. Nd4 O-O-O 18. Nf3 Kb8 19. Re1 e5 20. f5 Rdf8 21. g5 Nh5 22.
f6 Bxf6 23. gxf6 Qxf6 24. Ne2 Qe7 25. Kb1 f5 26. exf5 Rxf5 27. Bg2 Rgf8 28.
Ref1 Ne6 29. d4 Nef4 30. Nxf4 Nxf4 31. Bh1 Nxh3 32. Rg3 Nf4 33. dxe5 Nh5 34.
Rh3 Nf4 35. Rg3 Nh5 36. Rh3 Nf4 1/2-1/2

[Event "Guernsey Holiday"]
[Site "Guernsey"]
[Date "2010.10.21"]
[Round "5"]
[White "Harnden, Terry"]
[Black "Kok, Franciscus"]
[Result "1/2-1/2"]
[WhiteElo "1411"]
[BlackElo "1666"]
[PlyCount "39"]
[EventDate "2010.10.17"]
[EventType "swiss"]
[EventRounds "7"]
[SourceDate "2010.11.07"]

1. e4 c5 2. Nf3 Nc6 3. d4 cxd4 4. Nxd4 e6 5. Be2 Nf6 6. Nc3 Bb4 7. Nxc6 bxc6 8.
Qd4 c5 9. Qd3 Bxc3+ 10. bxc3 Bb7 11. Bf3 d5 12. Qb5+ Qd7 13. Qxd7+ Nxd7 14.
exd5 Bxd5 15. Bxd5 exd5 16. O-O O-O 17. Rb1 Nb6 18. Re1 Rfe8 19. Be3 c4 20. Kf1
1/2-1/2

[Event "Guernsey Holiday"]
[Site "Guernsey"]
[Date "2010.10.21"]
[Round "5"]
[White "Foster, Paul"]
[Black "Beadle, John"]
[Result "0-1"]
[WhiteElo "1568"]
[BlackElo "1648"]
[PlyCount "118"]
[EventDate "2010.10.17"]
[EventType "swiss"]
[EventRounds "7"]
[SourceDate "2010.11.07"]

1. e4 c6 2. d4 d5 3. e5 Bf5 4. g4 Be4 5. f3 Bg6 6. h4 h5 7. Bd3 Bxd3 8. Qxd3 e6
9. g5 Ne7 10. Ne2 Nf5 11. Bf4 Qb6 12. b3 c5 13. c3 Nc6 14. dxc5 Bxc5 15. Rh2
Qc7 16. Qb5 Bb6 17. Ng3 a6 18. Qa4 Bc5 19. b4 b5 20. Qd1 Be3 21. Bxe3 Nxe3 22.
Qe2 Qxe5 23. Kf2 Nc4 24. Qxe5 N6xe5 25. Ne2 Ke7 26. a4 Rhc8 27. a5 Nd3+ 28. Kg3
Ne3 29. Rh1 Rc4 30. f4 e5 31. Kf3 exf4 32. Nd2 Ne5+ 33. Kf2 N3g4+ 34. Kf1 Ne3+
35. Kf2 N5g4+ 36. Kf3 Ne5+ 37. Kf2 Nd3+ 38. Kf3 Rc7 39. Nxf4 Nxf4 40. Kxf4 Rxc3
41. Rae1 d4 42. Nf3 Rd8 43. Rh2 Kf8 44. Rhe2 Nd5+ 45. Kg3 Nxb4 46. Kg2 Nc6 47.
g6 Re3 48. Nxd4 Rxe2+ 49. Nxe2 f6 50. Nf4 Re8 51. Rd1 b4 52. Rd7 Re7 53. Rd6
Re4 54. Kf3 Rc4 55. Nxh5 b3 56. Ke3 b2 57. Nxf6 gxf6 58. Rxf6+ Kg7 59. Rf1 Rc1
0-1

[Event "Guernsey Holiday"]
[Site "Guernsey"]
[Date "2010.10.21"]
[Round "5"]
[White "Jongerius, Marc"]
[Black "Van Rooijen, Gerardus C"]
[Result "1/2-1/2"]
[WhiteElo "1625"]
[BlackElo "1496"]
[PlyCount "52"]
[EventDate "2010.10.17"]
[EventType "swiss"]
[EventRounds "7"]
[SourceDate "2010.11.07"]

1. e4 c5 2. Nf3 d6 3. c3 Nc6 4. Be2 e6 5. O-O Nf6 6. d3 Be7 7. Nbd2 O-O 8. d4
cxd4 9. cxd4 a6 10. Bd3 b5 11. Bb1 Bb7 12. e5 dxe5 13. dxe5 Nd5 14. Ne4 f5 15.
Nfg5 Bc8 16. f4 h6 17. Qh5 Qe8 18. Qh3 Qg6 19. Rf3 Nd4 20. Rf2 Bd7 21. Qd3 Nc6
22. Bd2 Rad8 23. Rf3 Ndb4 24. Qe3 Nd5 25. Qd3 Ndb4 26. Qe3 Nd5 1/2-1/2

[Event "Guernsey Holiday"]
[Site "Guernsey"]
[Date "2010.10.21"]
[Round "5"]
[White "De Silver, Arthur F"]
[Black "Rowe, Oliver"]
[Result "1-0"]
[WhiteElo "1592"]
[BlackElo "1506"]
[PlyCount "45"]
[EventDate "2010.10.17"]
[EventType "swiss"]
[EventRounds "7"]
[SourceDate "2010.11.07"]

1. e4 d5 2. exd5 Qxd5 3. Nc3 Qd6 4. Bc4 Nf6 5. Nge2 Qc6 6. Bb5 Bd7 7. Bxc6 Bxc6
8. O-O e5 9. d3 Bc5 10. Be3 Bb6 11. Bxb6 axb6 12. Ng3 O-O 13. Nce4 Nbd7 14.
Nxf6+ Nxf6 15. Ne4 Nxe4 16. dxe4 Bxe4 17. Re1 Rad8 18. Qe2 Bc6 19. Qxe5 Bf3 20.
gxf3 Rfe8 21. Qxc7 Rxe1+ 22. Rxe1 b5 23. Qxd8# 1-0

[Event "Guernsey Holiday"]
[Site "Guernsey"]
[Date "2010.10.21"]
[Round "5"]
[White "Van Hoek, Wim"]
[Black "Jones, Sid A"]
[Result "1-0"]
[WhiteElo "1783"]
[BlackElo "1416"]
[PlyCount "63"]
[EventDate "2010.10.17"]
[EventType "swiss"]
[EventRounds "7"]
[SourceDate "2010.11.07"]

1. e4 c5 2. Nf3 Nc6 3. c3 e6 4. d4 cxd4 5. cxd4 Bb4+ 6. Bd2 Bxd2+ 7. Qxd2 d5 8.
e5 a6 9. Nc3 Bd7 10. Rc1 Nge7 11. Bd3 h6 12. O-O O-O 13. Rfe1 f5 14. exf6 Rxf6
15. Qe3 Be8 16. Ne5 Ng6 17. Nxc6 Bxc6 18. Bxg6 Rxg6 19. Ne2 Bd7 20. Nf4 Rf6 21.
Nd3 b6 22. Ne5 Qe8 23. Rc7 Rd8 24. Qc1 Bb5 25. g3 Qf8 26. Qe3 Qd6 27. Rc3 Rdf8
28. f4 Bd7 29. Rec1 Rf5 30. Nxd7 Qxd7 31. Rc6 Qf7 32. Qxe6 1-0

[Event "Guernsey Holiday"]
[Site "Guernsey"]
[Date "2010.10.21"]
[Round "5"]
[White "Grange, David"]
[Black "Bakkes, Frits"]
[Result "1-0"]
[WhiteElo "1648"]
[BlackElo "1565"]
[PlyCount "63"]
[EventDate "2010.10.17"]
[EventType "swiss"]
[EventRounds "7"]
[SourceDate "2010.11.07"]

1. e4 c5 2. d4 cxd4 3. c3 d3 4. Bxd3 e5 5. c4 Nc6 6. Nf3 Nf6 7. Nc3 Bb4 8. a3
Bxc3+ 9. bxc3 d6 10. O-O Bg4 11. Bg5 h6 12. Bh4 g5 13. Bg3 Nh5 14. h3 Nxg3 15.
fxg3 Be6 16. Qe2 g4 17. Nh2 gxh3 18. Ng4 hxg2 19. Nf6+ Kf8 20. Kxg2 Ne7 21. Qh5
Qc8 22. Rf2 Bxc4 23. Bxc4 Qxc4 24. Raf1 Rd8 25. Nd5 Qxe4+ 26. Kh2 f5 27. Rxf5+
Nxf5 28. Rxf5+ Qxf5 29. Qxf5+ Kg8 30. Qg6+ Kf8 31. Qf6+ Ke8 32. Qe7# 1-0

[Event "Guernsey Holiday"]
[Site "Guernsey"]
[Date "2010.10.21"]
[Round "5"]
[White "Newrick, William R"]
[Black "Nalichowski, Bogdan"]
[Result "0-1"]
[WhiteElo "1384"]
[BlackElo "1602"]
[PlyCount "82"]
[EventDate "2010.10.17"]
[EventType "swiss"]
[EventRounds "7"]
[SourceDate "2010.11.07"]

1. d4 d5 2. Nf3 Nc6 3. e3 Bg4 4. Be2 Nf6 5. h3 Bh5 6. Nbd2 e6 7. c4 Bb4 8. a3
Bxf3 9. Bxf3 Bxd2+ 10. Bxd2 Ne4 11. cxd5 exd5 12. Bxe4 dxe4 13. O-O f5 14. Qb3
b6 15. Rac1 Ne7 16. Bb4 g6 17. Bxe7 Kxe7 18. Rc6 Kf8 19. Rfc1 Rc8 20. Qb4+ Kg7
21. Qc4 Rf8 22. d5 a5 23. Qd4+ Rf6 24. Qe5 Rb8 25. Rxc7+ Kh6 26. R1c6 Rxc6 27.
Rxc6 Rb7 28. d6 Rd7 29. g3 b5 30. h4 b4 31. Qf4+ Kg7 32. Rc7 bxa3 33. bxa3 Kf6
34. Qg5+ Ke6 35. Qf4 Rxd6 36. Rxh7 Rc6 37. Rh6 Kf7 38. Rh7+ Kg8 39. Qh6 Qd1+
40. Kg2 Qf3+ 41. Kh3 Qh1# 0-1

[Event "Guernsey Holiday"]
[Site "Guernsey"]
[Date "2010.10.21"]
[Round "5"]
[White "Welch, Hazel"]
[Black "Brown, Jim"]
[Result "1-0"]
[WhiteElo "1520"]
[BlackElo "1312"]
[PlyCount "137"]
[EventDate "2010.10.17"]
[EventType "swiss"]
[EventRounds "7"]
[SourceDate "2010.11.07"]

1. d4 c6 2. Nf3 d6 3. c4 Nd7 4. g3 e6 5. Bg2 Be7 6. O-O Ngf6 7. Nc3 O-O 8. Bg5
e5 9. e3 h6 10. Bxf6 Bxf6 11. Ne4 Be7 12. Rc1 a6 13. b4 f5 14. Nc3 e4 15. Nd2
d5 16. Qb3 Nf6 17. cxd5 cxd5 18. a4 Be6 19. Rc2 Kh8 20. Rfc1 Rc8 21. b5 a5 22.
Ndb1 Bb4 23. Na2 Qe7 24. Nxb4 axb4 25. Rc5 b6 26. Rc6 Rxc6 27. bxc6 Rc8 28. Bf1
Ne8 29. Nd2 Nc7 30. Qb2 Ra8 31. Ra1 Bf7 32. Bb5 Be6 33. Rb1 Kh7 34. Qxb4 Qxb4
35. Rxb4 g5 36. Bf1 Bf7 37. Kg2 Kg6 38. Rxb6 Rxa4 39. Rb7 Ne8 40. Nb3 Nd6 41.
Rb6 Kg7 42. Nc5 Ra8 43. Nd7 Rc8 44. Ba6 Rc7 45. Ne5 Be8 46. Bb7 h5 47. Ra6 Nxb7
48. cxb7 Rxb7 49. Rd6 Rc7 50. Rxd5 Kf6 51. Rd6+ Kg7 52. d5 f4 53. gxf4 g4 54.
Nc6 h4 55. f5 Bd7 56. Rg6+ Kf7 57. Rxg4 h3+ 58. Kg3 Bxf5 59. Rh4 Kg7 60. Kf4
Rf7 61. Ne5 Rf8 62. Kg3 Rg8 63. Ng4 Kf8 64. Kf4 Bg6 65. Rxh3 Kf7 66. Ne5+ Kf6
67. Nxg6 Kxg6 68. Rg3+ Kf7 69. Rxg8 1-0